[Event "Oleksandr Stadnyk Memorial 2020"]
[Site "Chortkiv"]
[Date "2020.12.11"]
[Round "9.1"]
[White "Hulka, Valentyn"]
[Black "Polishchuk, Oleg"]
[Result "0-1"]
[WhiteElo "1991"]
[BlackElo "2155"]
[Annotator "TA"]
[PlyCount "94"]
[EventDate "2020.12.07"]
[EventType "tourn"]
[EventCountry "UKR"]
[SourceTitle "playchess.com"]
[Source "ChessBase"]
[SourceQuality "1"]

{[%evp 14,94,48,51,44,44,54,47,47,50,51,34,32,32,46,20,42,0,0,0,0,-44,-32,-41,0,0,16,0,0,0,0,0,8,14,19,8,15,-341,-318,-402,-370,-516,-325,-331,-306,-362,-287,-281,-261,-302,-301,-321,-310,-292,-278,-462,-447,-427,-437,-450,-425,-595,-591,-573,-587,-580,-550,-613,-548,-715,-695,-1322,-821,-29978,-29979,-29979,-29979,-5397,-833,-29989,-29990,-29997,-29998]} 1. e4 g6 2. d4 Bg7 3. Nf3 c6 4. Bd3 d5 5. e5 Bg4 6. Nbd2 e6 7. h3 Bxf3 8. Nxf3 c5 {B06: Modern Defence.} 9. c3 Nc6 10. O-O cxd4 {White is slightly better.} 11. cxd4 Nge7 {[#]} 12. Bd2 $146 ({Predecessor:} 12. Bg5 h6 13. Be3 O-O 14. Qd2 Kh7 15. Rac1 Rc8 16. Rc5 Nb8 17. Rfc1 Rxc5 18. Rxc5 {1-0 (36) Bellia,F (2424)-Hulshof,P (2215) Groningen 2013}) 12... O-O 13. Bc3 a6 14. b4 Nf5 15. Qb3 Nh4 16. Nxh4 Qxh4 17. f4 Bh6 18. Be1 Qe7 19. Qb2 Rfc8 20. Bd2 Qc7 21. g4 Qb6 22. Bc3 a5 {[%cal Ra5b4]} 23. b5 Nb4 $1 {[%cal Rb4d3]} 24. Be2 $1 {Threatens to win with Rf3.} (24. Bxb4 axb4 25. Qxb4 Bf8 $17) 24... Rc7 $1 {Hoping for ...Rac8.} 25. a3 $2 {[%mdl 8192] White does not recover from this.} ({Don't play} 25. Bxb4 axb4 26. g5 Bf8 $17) (25. Kg2 $11 Rac8 26. Rf3 (26. Bxb4 $2 axb4 27. Bd3 Rc3 $19) 26... Bxf4 27. a3 (27. Bxb4 $2 Rc2 $19)) 25... Rac8 $19 26. Bxb4 axb4 27. Qxb4 Rc4 {[%mdl 64] Decoy} 28. Bxc4 Qxd4+ {[%mdl 64] Double Attack} 29. Kh1 {Black must now prevent Be2.} Rxc4 30. Qe1 (30. Qe7 {leads to mate.} Rc2 31. Qe8+ Bf8 32. Qxf8+ Kxf8 33. Rae1 Qd2 34. Rf2 Qxe1+ 35. Kh2 Qxf2+ 36. Kh1 Qh2#) 30... Bxf4 {( -> ...Rc2)} 31. Rd1 {[#]} Qb2 $1 {[%csl Gf4][%cal Rb2h2][%mdl 512]} 32. Rf2 Qxa3 33. Qf1 g5 {Strongly threatening ...Rc3.} 34. Rf3 $2 {[#]} (34. Rd3 Qb4 35. Kg2) 34... Qb2 $1 {[%csl Gf4][%cal Rb2h2]} 35. Rf2 Qxe5 36. Re1 Qc3 37. Rf3 Qb2 {[%csl Gf4][%cal Rb2h2]} 38. Rf2 Qxb5 39. h4 h6 40. hxg5 hxg5 41. Qd3 Qc6 42. Ra2 {Ra8+ is the strong threat.} b5 43. Rea1 d4+ 44. Kg1 Be3+ 45. Kh2 Qf3 (45... Rc3 $142 46. Qf1 Qe4 47. Ra8+ Kg7) 46. Ra8+ Kg7 47. Qf1 Rc2+ {Weighted Error Value: White=0.80/Black=0.24} 0-1

[Event "Oleksandr Stadnyk Memorial 2020"]
[Site "Chortkiv"]
[Date "2020.12.11"]
[Round "9.2"]
[White "Lozynskyi, Bohdan"]
[Black "Vakulenko, Oleksandr"]
[Result "1/2-1/2"]
[WhiteElo "2077"]
[BlackElo "2245"]
[Annotator "TA"]
[PlyCount "72"]
[EventDate "2020.12.07"]
[EventType "tourn"]
[EventCountry "UKR"]
[SourceTitle "playchess.com"]
[Source "ChessBase"]
[SourceQuality "1"]

{[%evp 18,72,-7,-19,-10,-102,-103,-189,-183,-227,-208,-200,-162,-133,-132,-125,-128,-106,-89,-84,-80,-123,-108,-180,-143,-187,-81,-120,-112,-106,-102,-95,0,0,0,0,0,0,0,0,0,-33,-26,-29,-29,-29,-31,-31,-31,-26,-34,-27,-26,-24,0,-5,0]} 1. e4 e5 2. Nf3 Nc6 3. Bc4 Nf6 4. d4 exd4 5. e5 d5 6. Bb5 Ne4 7. Nxd4 Bc5 8. Be3 O-O 9. Bxc6 bxc6 10. O-O Qe8 {10...Bxd4 injects fresh life into this line. C56: Two Knights: 4 d4 exd4 5 0-0 Nxe4.} 11. f3 {[#]} (11. Nd2 $11 {remains equal.}) 11... Nf6 $1 $17 {[%mdl 512]} 12. f4 (12. Nc3 $17 {keeps fighting.}) (12. exf6 Qxe3+) 12... Ng4 $19 {Black is clearly better.} 13. Qd2 {[#]} f6 $1 {[%cal Rf6e5]} 14. h3 fxe5 15. hxg4 exd4 16. Bxd4 Bxd4+ 17. Qxd4 Bxg4 {[#]} 18. Nd2 $146 {[%cal Bb1d2,Bd2f3,Bf3e5][%mdl 32]} ({Predecessor:} 18. Nc3 Qh5 19. Rae1 Rf6 20. Re5 Rf5 21. Nxd5 Rxe5 22. fxe5 Re8 23. Nxc7 Qxe5 24. Qxa7 {½-½ (33) Lozano Cortijo,M (2181)-Barahona Torrijos,A (2030) Madrid 2007}) 18... Qg6 19. c3 Rae8 20. Rf2 (20. Nf3 $17 {was worth a try.}) 20... a6 21. c4 Be6 (21... Rf6 $19 {...Qh5 is the strong threat.} 22. f5 Rxf5) 22. Nf3 dxc4 23. Ne5 Qh5 24. Nxc6 Bd5 (24... Rf6 $17 25. Qe5 Qh4) 25. Qc5 $11 Qf7 26. Ne5 Qe6 27. Qxc7 g5 28. Re1 gxf4 29. Nd3 Qc6 30. Qxc6 Rxe1+ 31. Nxe1 Bxc6 {KRB-KRN} 32. Nf3 Kg7 33. Ne5 Bb5 34. Rc2 Rc8 35. Nd3 Rf8 ({Not} 35... cxd3 $2 36. Rxc8 Kf6 37. Kf2 $18) 36. Ne5 Rc8 {White happily takes the draw.  Weighted Error Value: White=0.20/Black=0.12} 1/2-1/2

[Event "Oleksandr Stadnyk Memorial 2020"]
[Site "Chortkiv"]
[Date "2020.12.11"]
[Round "9.3"]
[White "Yaniuk, Volodymyr"]
[Black "Medvedyk, Volodymyr"]
[Result "1-0"]
[WhiteElo "2233"]
[BlackElo "2205"]
[Annotator "TA"]
[PlyCount "78"]
[EventDate "2020.12.07"]
[EventType "tourn"]
[EventCountry "UKR"]
[SourceTitle "playchess.com"]
[Source "ChessBase"]
[SourceQuality "1"]

{[%evp 16,78,26,25,34,0,0,0,0,0,0,0,0,-68,-72,-62,-34,-41,-38,-110,-33,-78,-82,-84,-71,-418,-340,-327,-314,-305,-265,-250,-230,-263,-252,-291,-186,-148,-133,-418,-418,-418,-418,-418,-418,-418,-418,-418,-401,-385,-323,-29960,-29960,-29989,-29990,-29990,-29989,-29991,-29990,-29990,-29991,-29991,-29991,-29991,-29992]} 1. d4 Nf6 2. c4 g6 3. Nc3 Bg7 4. e4 O-O 5. Nf3 d6 6. h3 e5 7. d5 a5 8. Be3 Na6 9. g4 Nd7 {9...Nc5 gains popularity. E90: King's Indian: Classical: Early deviations and 6 h3.} 10. Nd2 f5 11. gxf5 gxf5 {The position is equal.} 12. exf5 Ndc5 13. Nde4 Bxf5 14. Nxc5 (14. Bg2 $1 $11) 14... Nxc5 $15 {[#]} ({Much worse is} 14... dxc5 $6 15. a3 $14) 15. Rg1 $146 ({Predecessor:} 15. Qd2 a4 16. Rg1 Bg6 17. Be2 Qf6 18. Rc1 e4 19. Nb5 Rf7 20. Nd4 Re8 21. Rc3 {0-1 (53) Omar,N (2356)-Cawdery,D (2422) Batumi 2018}) 15... Kh8 16. Qh5 Qf6 17. O-O-O (17. Bg5 $15 Qg6 18. Qxg6 Bxg6 19. Be3) 17... a4 ({Black should play} 17... Bg6 $17 18. Qg4 a4) 18. Be2 a3 19. b3 Bg6 20. Qg4 $2 {[%mdl 8192]} (20. Qg5 $17) 20... e4 21. Bd4 Qf7 {...Bxd4 is the strong threat.} 22. Qg3 Bxd4 23. Rxd4 Qxf2 24. Qxf2 Rxf2 25. Kd2 e3+ 26. Kxe3 {[#]} Rh2 $1 {aiming for ...Re8+.} 27. h4 $2 {[%mdl 8192] Now White is beyond hope.} (27. Kd2 $17 {keeps fighting.}) 27... Re8+ $19 28. Kd2 Bh5 {[%cal Rh5e2]} 29. Re1 Bxe2 30. Nxe2 {[#]} Nxb3+ $1 {[%mdl 512]} 31. axb3 a2 32. Kc3 Rhxe2 {[%mdl 4096] Endgame KRR-KRR} 33. Rf1 $2 (33. Ra1 $19) 33... R8e3+ {Black mates.} 34. Kb4 Rb2 35. c5 Rb1 36. Rf8+ {[#]} Kg7 $1 37. Rdf4 Rexb3+ 38. Kc4 Rb4+ 39. Kd3 Rxf4 {[%mdl 32768] Weighted Error Value: White=0.68/Black=0.16. Loss on time!?} 1-0

[Event "Oleksandr Stadnyk Memorial 2020"]
[Site "Chortkiv"]
[Date "2020.12.11"]
[Round "10.1"]
[White "Polishchuk, Oleg"]
[Black "Yaniuk, Volodymyr"]
[Result "1-0"]
[WhiteElo "2155"]
[BlackElo "2233"]
[Annotator "TA"]
[PlyCount "152"]
[EventDate "2020.12.07"]
[EventType "tourn"]
[EventCountry "UKR"]
[SourceTitle "playchess.com"]
[Source "ChessBase"]
[SourceQuality "1"]

{[%evp 12,152,17,12,23,19,35,0,22,12,29,-2,0,0,0,0,0,0,0,0,4,0,30,9,12,16,0,-4,0,-173,-179,-172,-179,-179,-135,-117,-110,-112,-69,-68,-61,-66,0,0,0,0,0,0,0,0,0,0,0,0,0,0,0,-102,107,105,106,110,110,117,105,103,108,112,113,108,116,104,120,76,133,76,100,81,82,64,105,86,99,77,87,37,77,77,77,77,77,78,78,78,78,60,104,96,1152,1008,1876,260,260,260,260,260,717,698,615,615,466,466,29985,29986,29986,29987,29988,29982,29982,29983,29983,29980,29990,29957,29966,29968,29967,29965,29975,29970,29968,29968,29962,29965,12774,12766,29977,29978,29975,29976,29989,29985,29987]} 1. d4 Nf6 2. c4 e6 3. Nf3 d5 4. Nc3 Bb4 5. Qa4+ Nc6 6. e3 O-O 7. Bd2 {7.Qc2 might become the main line.} dxc4 {D38: Queen's Gambit Declined: Ragozin Defence (4 Nf3 Bb4).} 8. Bxc4 a6 {[#]} 9. Be2 $146 (9. a3 $5 {[%cal Ra3b4]} Bd6 10. O-O $11) ({Predecessor:} 9. Qc2 Bd6 10. O-O b5 11. Be2 Bb7 12. Ne4 Nxe4 13. Qxe4 Na5 14. Qc2 Nc4 15. Bc3 {½-½ (55) Albornoz Cabrera,C (2566)-Parligras,M (2600) Barcelona 2020}) 9... Bd7 {next ...Nxd4! is good for Black.The position is equal.} 10. Qc2 Bd6 11. a3 e5 12. dxe5 Nxe5 13. Nxe5 Bxe5 14. Bf3 c6 15. O-O Qe7 16. Na4 Bc7 17. Bb4 Qe5 {[%csl Gc7][%cal Re5h2]} 18. g3 Rfe8 19. Nc5 Bf5 $36 {[%mdl 2048] Black has the initiative.} 20. Qc3 $2 (20. Qc4 $11 {and White stays safe.}) 20... a5 $19 21. Qxe5 Rxe5 22. Nxb7 axb4 23. axb4 Rxa1 24. Rxa1 Bd7 25. Nc5 Be8 26. Ra8 Nd5 (26... Bd6 $15 27. Nd3 Rb5) 27. Nd7 $1 $11 {[%cal Rd7e5]} Nb6 28. Nxb6 Bxb6 29. Bxc6 Kf8 30. b5 Re7 31. b4 f6 32. Kf1 Kf7 33. Ke2 Bd7 34. Kd3 (34. Ra6 $11 {remains equal.} Bc7 35. Kd3) 34... Be6 $2 (34... Bf5+ $17 {stays on course.} 35. Kd2 Ba7) 35. Ra6 $16 {[%mdl 1024] White has strong compensation.} Bd8 36. b6 {Threatens to win with b7.} Bc8 37. Ra8 $1 {[%cal Ra8c8]} Bf5+ 38. e4 Bxe4+ 39. Bxe4 Bxb6 {[%mdl 4096] Endgame KRB-KRB} 40. Bd5+ Kg6 41. f3 Bg1 42. h4 Kh6 (42... f5 $142) 43. Ra2 (43. g4 $142) 43... g6 44. b5 f5 45. Kc4 Kg7 46. Bc6 h5 47. Kd5 Re1 48. Rb2 Bb6 49. Kd6 Rg1 50. Bd5 Rxg3 {[#]} 51. Kc6 $1 {[%cal Rc6b6]} Bd4 {[#]} 52. Rb4 $1 {[%cal Rb4d4]} Be5 53. b6 Rh3 54. b7 {Hoping for Kd7.} Kf6 $2 {[%mdl 8192]} (54... Rh2 $16 55. Kd7 Rd2) 55. Kd7 $18 {Rb6+ would kill now.} Rh2 56. Rb6+ $2 (56. f4 Bb8 57. Kc8 Bxf4 58. Rxf4) 56... Kg7 57. b8=Q Bxb8 58. Rxb8 {And now Ke7 would win.} Rxh4 $2 {KRB-KR} (58... Kf6 59. Rb4 Rh3) 59. Ke7 Ra4 60. Rg8+ Kh7 61. Kf6 {aiming for Rg7+. Cut Off at move 61} h4 (61... Ra6+ $18 62. Kg5 h4) 62. Rg7+ Kh6 63. Rxg6+ Kh7 64. Rg5 {[%cal Rg5h5]} Kh6 65. Rg8 {[%cal Rg8h8]} Kh7 66. Rg1 h3 67. Kxf5 h2 68. Rh1 Rh4 69. Kg5 Rh6 70. Be4+ Kg7 71. f4 Re6 72. Kf5 Rh6 73. Ke5 Kf7 74. f5 {White mates.} Ke7 75. Rb1 Ra6 76. Rb7+ Kf8 {White used his chance.  Weighted Error Value: White=0.31/Black=0.19} 1-0

[Event "Oleksandr Stadnyk Memorial 2020"]
[Site "Chortkiv"]
[Date "2020.12.11"]
[Round "10.2"]
[White "Medvedyk, Volodymyr"]
[Black "Lozynskyi, Bohdan"]
[Result "0-1"]
[WhiteElo "2205"]
[BlackElo "2077"]
[Annotator "ChessBase"]
[PlyCount "74"]
[EventDate "2020.12.07"]
[EventType "tourn"]
[EventCountry "UKR"]
[SourceTitle "playchess.com"]
[Source "ChessBase"]
[SourceQuality "1"]
[TimeControl "5400+30"]

1. Nf3 {[%emt 0:00:42]} d5 {[%emt 0:00:00]} 2. g3 {[%emt 0:01:06]} Nf6 {[%emt 0:00:00]} 3. Bg2 {[%emt 0:00:17]} Bg4 {[%emt 0:00:27]} 4. c4 {[%emt 0:03:36]} c6 {[%emt 0:00:58]} 5. Ne5 {[%emt 0:00:53]} Bh5 {[%emt 0:02:44]} 6. cxd5 {[%emt 0:00:42]} cxd5 {[%emt 0:00:16]} 7. Qa4+ {[%emt 0:05:36]} Nbd7 {[%emt 0:00:41]} 8. d3 {[%emt 0:02:41]} e6 {[%emt 0:01:39]} 9. g4 {[%emt 0:00:28]} Bg6 {[%emt 0:00:41]} 10. h4 {[%emt 0:01:37]} h6 {[%emt 0:04:42]} 11. Nxg6 {[%emt 0:10:38]} fxg6 {[%emt 0:00:02]} 12. g5 {[%emt 0:09:18]} hxg5 {[%emt 0:00:33]} 13. hxg5 {[%emt 0:01:17]} Rxh1+ {[%emt 0:00:07]} 14. Bxh1 {[%emt 0:00:00]} Nh5 {[%emt 0:03:29]} 15. Nc3 {[%emt 0:01:50]} Qb6 {[%emt 0:03:00]} 16. Bd2 {[%emt 0:11:51]} O-O-O {[%emt 0:05:24]} 17. Rc1 {[%emt 0:14:12]} Nc5 {[%emt 0:09:29]} 18. Nb5 {[%emt 0:10:33]} a6 {[%emt 0:05:53]} 19. b4 {[%emt 0:02:02]} Qxb5 {[%emt 0:00:34]} 20. Qxb5 {[%emt 0:00:24]} axb5 {[%emt 0:00:40]} 21. bxc5 {[%emt 0:00:31]} Kd7 {[%emt 0:00:20]} 22. e4 Kc6 23. Rc2 {[%emt 0:10:01]} Be7 {[%emt 0:01:41]} 24. Bg2 {[%emt 0:04:40]} Rf8 {[%emt 0:01:02]} 25. Bh3 {[%emt 0:00:07]} dxe4 {[%emt 0:00:28]} 26. Bg2 {[%emt 0:00:40]} Nf4 {[%emt 0:00:16]} 27. Bxe4+ {[%emt 0:00:56]} Kc7 {[%emt 0:00:11]} 28. Ba5+ {[%emt 0:01:25]} Kb8 {[%emt 0:00:06]} 29. Rb2 {[%emt 0:03:53]} Bxc5 {[%emt 0:01:52]} 30. Rxb5 {[%emt 0:00:01]} b6 {[%emt 0:00:00]} 31. Bxb6 {[%emt 0:00:17]} Bxb6 32. Rxb6+ {[%emt 0:00:01]} Kc7 {[%emt 0:00:16]} 33. Rb7+ {[%emt 0:00:41]} Kd6 {[%emt 0:00:04]} 34. Rxg7 {[%emt 0:03:25]} Rb8 {[%emt 0:00:41]} 35. Kd2 {[%emt 0:00:38]} Rb2+ {[%emt 0:00:32]} 36. Ke3 {[%emt 0:00:17]} Nh3 {[%emt 0:00:04]} 37. Rxg6 {[%emt 0:00:42]} Nxf2 {[%emt 0:00:14]} 0-1

[Event "Oleksandr Stadnyk Memorial 2020"]
[Site "Chortkiv"]
[Date "2020.12.11"]
[Round "10.3"]
[White "Vakulenko, Oleksandr"]
[Black "Hulka, Valentyn"]
[Result "1/2-1/2"]
[WhiteElo "2245"]
[BlackElo "1991"]
[Annotator "TA"]
[PlyCount "65"]
[EventDate "2020.12.07"]
[EventType "tourn"]
[EventCountry "UKR"]
[SourceTitle "playchess.com"]
[Source "ChessBase"]
[SourceQuality "1"]

{[%evp 14,65,22,18,15,23,40,20,78,41,31,46,43,42,31,5,47,49,54,6,21,0,0,0,0,0,5,12,17,-53,-42,-35,-36,-43,-35,-45,-36,-41,-39,-50,-53,-83,-92,-89,-91,-84,-53,-34,0,-28,0,-3,-3,-1]} 1. d4 Nf6 2. c4 g6 3. Nc3 d5 4. cxd5 Nxd5 5. Bd2 Nb6 6. Nf3 Bg7 7. Bf4 O-O 8. e3 c5 {D90: Grünfeld: 4 Nf3 Bg7 sidelines.} 9. dxc5 {[#] Hoping for Qxd8.} N6d7 10. Nd5 {Threatening Bc7.} Nc6 (10... Nxc5 $11 {keeps the balance.} 11. Rc1 Nba6) 11. Bc7 $16 Qe8 {[#]} 12. Qc1 $146 ({Predecessor:} 12. Bb5 Nxc5 13. Rc1 a6 14. Bxc6 bxc6 15. Nb6 Ra7 16. Be5 Ne6 17. Bxg7 Kxg7 18. O-O {½-½ (40) Ghosh,D (2372)-Deepan Chakkravarthy,J (2495) New Delhi 2012}) 12... Nf6 13. Nxf6+ Bxf6 14. Bb5 Bd7 15. O-O Rc8 16. Bg3 Nb4 17. Bxd7 Qxd7 18. Qc4 Na6 19. Rad1 Qc6 20. b4 Qa4 21. Rb1 (21. a3 $11) 21... Rxc5 22. Qb3 Qxb3 23. Rxb3 Rc2 24. a3 Rd8 25. Rfb1 Nc7 26. Ne1 Rc4 27. Rd3 Rxd3 28. Nxd3 Nb5 29. Rb3 b6 30. Kf1 Rc2 31. a4 $1 {[%cal Ra4b5]} Nc3 {White should prevent ...Ne4.} 32. Rb2 Rxb2 33. Nxb2 {Weighted Error Value: White=0.12/Black=0.11} 1/2-1/2